|
|
|
|
| LEADER |
00000nam0a2200000 4500 |
| 001 |
177715 |
| 005 |
20231101223344.0 |
| 010 |
|
|
|a 9785748505437
|
| 035 |
|
|
|a (RuTPU)RU\TPU\book\192687
|
| 090 |
|
|
|a 177715
|
| 100 |
|
|
|a 20100324d2009 m y0rusy50 ca
|
| 101 |
0 |
|
|a rus
|
| 102 |
|
|
|a RU
|
| 105 |
|
|
|a a j 001zy
|
| 200 |
1 |
|
|a Математика
|e учебное пособие
|f И. Ю. Харламова, К. П. Семенов
|g Саратовский юридический институт МВД России (СЮИ)
|
| 210 |
|
|
|a Саратов
|c Изд-во Саратовский юридический институт МВД России
|d 2009
|
| 215 |
|
|
|a 296 с.
|c ил.
|
| 320 |
|
|
|a Библиогр.: с. 294-295.
|
| 330 |
|
|
|a В учебном пособии изложены основные положения начертательной геометрии, математического анализа, теории вероятностей и математической статистики, изучаемые в рамках дисциплины «Информатика и математика». Приводятся необходимые теоретические сведения, рассматриваются примеры решения типовых задач. В конце каждой темы дан список контрольных вопросов и задания для самостоятельного решения с ответами.
|
| 606 |
1 |
|
|a Математика
|2 stltpush
|3 (RuTPU)RU\TPU\subj\67327
|9 83171
|
| 610 |
1 |
|
|a учебные пособия
|
| 610 |
1 |
|
|a начертательная геометрия
|
| 610 |
1 |
|
|a математический анализ
|
| 610 |
1 |
|
|a теория вероятностей
|
| 610 |
1 |
|
|a математическая статистика
|
| 675 |
|
|
|a 51(075.8)
|v 3
|
| 700 |
|
1 |
|a Харламова
|b И. Ю.
|g Ирина Юрьевна
|
| 701 |
|
1 |
|a Семенов
|b К. П.
|g Константин Петрович
|
| 712 |
0 |
2 |
|a Саратовский юридический институт МВД России (СЮИ)
|c (1998- )
|2 stltpush
|3 (RuTPU)RU\TPU\col\15780
|
| 801 |
|
1 |
|a RU
|b 63413507
|c 20100324
|
| 801 |
|
2 |
|a RU
|b 63413507
|c 20100406
|g RCR
|
| 900 |
|
|
|a Математика
|
| 942 |
|
|
|c BK
|
| 951 |
|
|
|b 030502
|